Geography Quiz

Random Geography or City Quiz

'L' in Europe Quiz Stats

 Plays Quiz Updated Jul 25, 2016

Also try: 'A' in Europe
Challenge
Share
Tweet
Embed
Score 0/16 Timer 05:00
2 Plays Today
Question Answer % Correct
Which capital city is home to Buckingham Palace?London
97.2%
Which city is the capital of Portugal?Lisbon
95.3%
Which museum in central Paris is the world's most visited?Louvre
92.8%
Which Baltic country borders the Russian province of Kaliningrad?Lithuania
90%
What famous landmark is well-known for its unintended tilt?Leaning Tower of Pisa
86.6%
Which country is the only grand duchy in the world?Luxembourg
86.6%
Which country is double-landlocked, between Switzerland and Austria?Liechtenstein
83.9%
Which city in England lies on the river Mersey?Liverpool
79.3%
Question Answer % Correct
Which city in the Province of Munster Ireland gives its name to a ribald, or nonsense poem?Limerick
78.5%
Which region that stretches across Norway, Sweden and Finland is where Santa Claus supposedly lives?Lapland
72.1%
Which city is the capital of the Auvergne-Rhône-Alpes region of eastern France? Lyon
60.5%
Which Norwegian town hosted the 1994 Winter Olympic Games?Lillehammer
60.4%
What is the longest river in France?Loire
55.1%
Which island is the third largest Greek island, separated from Turkey by the Mytilini Strait?Lesbos
54.7%
Which German city was the scene of the 'Monday Demonstrations' against communist rule in 1989 and 1990?Leipzig
43.3%
Milan is the capital of which region of Italy?Lombardy
40.6%

You're not logged in!

Compare scores with friends on all Sporcle quizzes.
Join for Free
OR
Log In

You Might Also Like...

Show Comments

Extras

Top Quizzes Today


Score Distribution

Your Account Isn't Verified!

In order to create a playlist on Sporcle, you need to verify the email address you used during registration. Go to your Sporcle Settings to finish the process.

Report this User

Report this user for behavior that violates our Community Guidelines.

Details: